Selektívna oxidácia cyklopentanónu diplomová práca

Uložené v:
Podrobná bibliografia
Hlavný autor: Aulitisová, Kristína
Médium: Kniha
Jazyk:Slovak
Vydavateľské údaje: Bratislava STU FCHPT 2017
On-line prístup:View in OPAC
Tagy: Pridať tag
Žiadne tagy, Buďte prvý, kto otaguje tento záznam!

MARC

LEADER 00000nam a2200000 a 4500
005 20260127134342.0
008 170907 2017 001 0 slo d
035 |a vtls011709966 
039 9 |y 201709071052  |z mschk03 
040 |a STUSCHK1  |b slo  |c STUSCHK1  |e AACR2 
100 1 |a Aulitisová, Kristína 
245 1 |a Selektívna oxidácia cyklopentanónu  |b diplomová práca  |c Kristína Aulitisová 
260 |a Bratislava  |b STU FCHPT  |c 2017 
300 |a 89 s.  |b il.  |c 25 cm 
500 |a Študijný program: chemické technológie 
500 |a Študijný odbor: chemické technológie 
500 |a Školiace pracovisko: Oddelenie organickej technológie 
500 |a Evid. číslo: FCHPT-5439-74352 
910 |a SCHK95 
999 |c 10591  |d 10591